<?xml version="1.0" encoding="UTF-8"?>
<collection xmlns="http://www.loc.gov/MARC21/slim">
 <record>
  <leader>01659na  a2200373   4500</leader>
  <controlfield tag="001">000032137</controlfield>
  <controlfield tag="003">8128</controlfield>
  <controlfield tag="005">20230407160947.0</controlfield>
  <controlfield tag="008">151001s2014                  000   vie</controlfield>
  <datafield tag="040" ind1=" " ind2=" ">
   <subfield code="a">LNN</subfield>
  </datafield>
  <datafield tag="041" ind1=" " ind2=" ">
   <subfield code="a">vie</subfield>
  </datafield>
  <datafield tag="082" ind1=" " ind2=" ">
   <subfield code="a">959.7306</subfield>
   <subfield code="b">NG-X</subfield>
  </datafield>
  <datafield tag="100" ind1=" " ind2=" ">
   <subfield code="a">Nguyễn Hữu Xuân</subfield>
  </datafield>
  <datafield tag="245" ind1=" " ind2="0">
   <subfield code="a">Bảo tồn và phát huy giá trị văn hóa lễ hội cổ truyền ở thành phố hội an /</subfield>
   <subfield code="c">Nguyễn Hữu Xuân.</subfield>
  </datafield>
  <datafield tag="246" ind1=" " ind2=" ">
   <subfield code="a">Luan văn tot nghiep</subfield>
  </datafield>
  <datafield tag="260" ind1=" " ind2=" ">
   <subfield code="b">ĐHĐN-Trương ĐH ngoai ngữ</subfield>
   <subfield code="b">2014.</subfield>
  </datafield>
  <datafield tag="300" ind1=" " ind2=" ">
   <subfield code="a">30cm :</subfield>
   <subfield code="b">100 tr;.</subfield>
  </datafield>
  <datafield tag="502" ind1=" " ind2=" ">
   <subfield code="a">Luan văn sinh vien</subfield>
  </datafield>
  <datafield tag="505" ind1=" " ind2=" ">
   <subfield code="a">Chuyen nghanh Quoc te hoc</subfield>
  </datafield>
  <datafield tag="520" ind1=" " ind2=" ">
   <subfield code="a">Mot so van đe li luan chung ve bao ton va phat huy gia tri văn hoa cua le hoi cổ truyen.</subfield>
   <subfield code="x">Thưc trạng bảo ton va phat huy gia tri văn hoa le hoi co truyen ơ tp Hoi An</subfield>
   <subfield code="y">Mot so giai phap nham bao ton va phat huy gia trị văn hoa le hoi co truyen trong đơi song xa hoi hien nay ở Thanh pho Hoi An.</subfield>
  </datafield>
  <datafield tag="650" ind1=" " ind2=" ">
   <subfield code="a">Văn hoa</subfield>
   <subfield code="b">Bao ton va phat trien</subfield>
   <subfield code="c">Le hoi co truyen Hoi An.</subfield>
  </datafield>
  <datafield tag="653" ind1=" " ind2=" ">
   <subfield code="a">Nguyễn Hữu Xuân, 2014, Khoa QTH, văn hóa</subfield>
  </datafield>
  <datafield tag="700" ind1=" " ind2=" ">
   <subfield code="a">TS.Ho Vu Khue Ngọc</subfield>
   <subfield code="b">huong dan</subfield>
  </datafield>
  <datafield tag="852" ind1=" " ind2=" ">
   <subfield code="b">Luan văn tot nghiep</subfield>
   <subfield code="c">SV Khoa Quoc te hoc</subfield>
  </datafield>
  <datafield tag="OWN" ind1=" " ind2=" ">
   <subfield code="a">LNN</subfield>
  </datafield>
  <datafield tag="AVA" ind1=" " ind2=" ">
   <subfield code="a">UDN50</subfield>
   <subfield code="b">LNN</subfield>
   <subfield code="d">959.7306 NG-X</subfield>
   <subfield code="e">available</subfield>
   <subfield code="t">Error 5001 Not defined in file expand_doc_bib_avail.</subfield>
   <subfield code="f">2</subfield>
   <subfield code="g">0</subfield>
   <subfield code="h">N</subfield>
   <subfield code="i">0</subfield>
  </datafield>
  <datafield tag="999" ind1=" " ind2=" ">
   <subfield code="a">From the UDN01</subfield>
  </datafield>
  <datafield tag="AVA" ind1=" " ind2=" ">
   <subfield code="a">UDN50</subfield>
   <subfield code="b">LNN</subfield>
   <subfield code="d">959.7306 NG-X</subfield>
   <subfield code="e">available</subfield>
   <subfield code="t">Error 5001 Not defined in file expand_doc_bib_avail.</subfield>
   <subfield code="f">2</subfield>
   <subfield code="g">0</subfield>
   <subfield code="h">N</subfield>
   <subfield code="i">0</subfield>
  </datafield>
  <datafield tag="TYP" ind1=" " ind2=" ">
   <subfield code="a">Dissertation</subfield>
  </datafield>
  <datafield tag="TYP" ind1=" " ind2=" ">
   <subfield code="a">Printed language</subfield>
  </datafield>
  <datafield tag="980" ind1=" " ind2=" ">
   <subfield code="a">Mạng thư viện Đại học Đà Nẵng</subfield>
  </datafield>
 </record>
</collection>
